000 00438nam a2200181Ia 4500
005 20240823033452.0
008 240823s9999||||xx |||||||||||||| ||und||
041 _aENGLISH
082 _A621.56 Q2
100 _asubramaniyan G S
245 0 _aRefrigirator & Aircondition Mechanisam
250 _a1st
260 _c2012
_b"Sri Indu Pub,Chennai"
500 _aYES
650 _aTamil Books
_bGeneral
942 _cBK
999 _c195893
_d195893